00913nam a2200157 a 450000500170000000800410001705000250005824500230008326000370010630000300014350000340017352004960020765000210070365000100072465000210073420140414093840.0071002s19uu xx 00 eng d aDVD 971.43bANN 2006 aAnna and the king. aSl :b20th. Century Fox,cc2002. a1 videodisk (142.04 min.) a[Other title: The King and I] aThe Epic retelling of a classic true -life story, whan an English school teacher Anna Leonowens, arrives in the exotic town of Siam to teach the children of King Mongkut, her Westen sensibilities clash with the Ruler's Eastern ways. the tension builds as the Monkut learns that the outside forces are conspiring against his regime. With, the political intrigue set to explode, Anna and the King must becopme allies in daring fight to save Siam from the dangerous enemies bent on destruction. aFilm adaptation. aFilm. aMotion pictures.